Statistics for The Syrian Civil War

Click here to take the quiz!

General Stats

  • This quiz has been taken 358 times
  • The average score is 13 of 20

Answer Stats

QuestionAnswer% Correct
What European country colonized Syria after the Ottoman Empire's fall?France
96%
What group, claiming to be the next caliphate, made land gains in northern Syria in 2013?ISIS
92%
Who is the president that refuses to give up his power?Bashar al-Assad
87%
What country does the above originate from?Iraq
87%
What ethnic group in the north are fighting the above with the U.S. support to
make an independent state for themselves?
Kurds
87%
Which country has taken in almost 3 million Syrian refugees since the war broke out?Turkey
87%
What other two countries are in military and political support of the Syrian government?Russia
85%
What other two countries are in military and political support of the Syrian government?Iran
83%
Which European country has taken in more than 700 thousand Syrian refugees after the war?Germany
82%
From what sect of Islam are most of the allies of that leader?Shia
76%
What is the name of the army which the government-opposing members of the
Syrian Army created and are now fighting against?
{Free} Syrian Army
73%
What major series of protests did start the Syrian Civil War?Arab Spring
72%
Which party is he a member of?Ba'ath
72%
What political party and militant based in Lebanon deploys troops to the Syrian government?Hezbollah
64%
What name is given to the region above has established as being theirs?Rojava
41%
What is the name of the last stronghold of the rebel groups near the Turkish border?Idlib
33%
What type of war is the Syrian War?{Proxy} War
31%
What ethnic-militia is in control of that region?YPG
26%
Which day and month did the 2015 Paris attack take place pulling France into the conflict?13th November
16%
What term is used by the rebels to refer to the civilians that support the government?Shabiha
7%

Score Distribution

Percentile by Number Answered

Percent of People with Each Score

Your Score History

You have not taken this quiz